| 000 | 004530000a22001690004500 | ||
|---|---|---|---|
| 003 | MACL | ||
| 005 | 20151231122034.0 | ||
| 008 | 151231b xxu||||| |||| 00| 0 eng d | ||
| 040 |
_aMACL _cMACL |
||
| 041 | _aEnglish | ||
| 082 | _a332.6/DUG | ||
| 100 |
_aDuguid, Charles _925506 |
||
| 245 |
_aThe Story of Stock Exchange _bIts history and Position |
||
| 260 |
_bGrant Richards _c1901 _aLondon |
||
| 650 |
_aEconomics _925507 |
||
| 942 |
_cBK _k332.6/DUG _2ddc |
||
| 999 |
_c37299 _d37299 |
||